Five Letter Geography - A - Statistics

General Stats
  • This quiz has been taken 109 times
  • The average score is 7 of 10
Answer Stats
Hint Answer % Correct
Chilean mountain range Andes
95%
Ancient Mexican empire Aztec
89%
Capital of Ethiopia (First part) Addis
88%
Capital of Ethiopia (Second part) Ababa
84%
Capital of Ghana Accra
84%
Capital of Nigeria Abuja
74%
Mountain range in North Africa Atlas
71%
Island "country" near Venezuela Aruba
62%
Island formation with a lake Atoll
53%
Former Capital of Guam Agaña
1%
No matching quizzes found
Score Distribution
Percent of People with Each Score
Percentile by Number Answered
Your Score History
You have not taken this quiz